[Event "Elverum Region-ch A"]
[Site "Elverum"]
[Date "2017.04.01"]
[Round "1"]
[White "Opseth, Oliver"]
[Black "Aasgaard, Frode"]
[Result "0-1"]
[WhiteElo "1516"]
[BlackElo "1682"]
[PlyCount "99"]
[EventDate "2017.04.01"]
[EventType "swiss"]
[EventRounds "5"]
[EventCountry "NOR"]
[SourceTitle "EXT 2024"]
[Source "ChessBase"]
[SourceDate "2023.10.10"]
[SourceVersion "1"]
[SourceVersionDate "2023.10.10"]
[SourceQuality "1"]

1. d4 f5 2. Nf3 Nf6 3. Bf4 e6 4. e3 Be7 5. Bd3 b6 6. Nc3 Bb7 7. 0-0 0-0 8. Re1 Ne4 9. Nd2 g5 10. Be5 d6 11. Bg3 Nxg3 12. hxg3 Nd7 13. g4 Qe8 14. gxf5 exf5 15. Bc4+ Kh8 16. Nd5 Bxd5 17. Bxd5 Nf6 18. Bxa8 Qxa8 19. Qf3 Qxf3 20. Nxf3 Ne4 21. a4 g4 22. Nh2 h5 23. f3 Ng3 24. a5 b5 25. e4 f4 26. fxg4 Bh4 27. Nf3 Be7 28. gxh5 c5 29. dxc5 dxc5 30. Rad1 c4 31. c3 Bc5+ 32. Nd4 Nxh5 33. Kh2 Rf6 34. Nf5 Rg6 35. Rd8+ Kh7 36. Red1 Nf6 37. Rf1 Ng4+ 38. Kh3 Nf2+ 39. Kh4 Rxg2 40. Rd5 Nxe4 41. Rxf4 Rh2+ 42. Kg4 Nf6+ 43. Kg3 Nxd5 44. Re4 Rxb2 45. Re5 Bf2+ 46. Kg4 Nxc3 47. Re7+ Kg8 48. Rxa7 Bxa7 49. Ne7+ Kf7 50. a6 0-1